Celtic art (Record no. 185726)

MARC details
000 -LEADER
campo de control de longitud fija 00881nam a2200253 i 4500
001 - NÚMERO DE CONTROL
campo de control 185726
003 - IDENTIFICADOR DE NÚMERO DE CONTROL
campo de control SpMaBN
005 - FECHA Y HORA DE LA ÚLTIMA TRANSACCIÓN
campo de control 20250811235150.0
008 - DATOS DE LONGITUD FIJA--INFORMACIÓN GENERAL
campo de control de longitud fija 160804s2001 sp abo |||| | eng d
020 ## - NÚMERO INTERNACIONAL ESTÁNDAR DEL LIBRO
Número Internacional Estándar del Libro 0-500-28265-X
080 ## - NÚMERO DE LA CLASIFICACIÓN DECIMAL UNIVERSAL
Número de la Clasificación Decimal Universal 7.031.26(364)(091)
100 1# - ENTRADA PRINCIPAL--NOMBRE DE PERSONA
Nombre de persona Megaw, Ruth.
9 (RLIN) 160323
245 10 - MENCIÓN DEL TÍTULO
Título Celtic art
Resto del título : from its beginnings to the Book of Kells /
Mención de responsabilidad, etc. Ruth and Vincent Megaw.
250 ## - MENCION DE EDICION
Mención de edición Rev. and expanded ed.
260 ## - PUBLICACIÓN, DISTRIBUCIÓN, ETC.
Lugar de publicación, distribución, etc. London :
Nombre del editor, distribuidor, etc. Thames & Hudson,
Fecha de publicación, distribución, etc. 2001 (
Lugar de fabricación/manufactura Spain :
Fabricante Artes Gráf. Toledo)
300 ## - DESCRIPCIÓN FÍSICA
Extensión 312 p. :
Otras características físicas il. col. y n., fot. ;
Dimensiones 25 x 19 cm.
500 ## - NOTA GENERAL
Nota general Índice.
504 ## - NOTA DE BIBLIOGRAFÍA, ETC.
Nota de bibliografía, etc. Bibliografía: p. 279-299.
599 ## - NOTA A LAS ILUSTRACIONES
NOTA A LAS ILUSTRACIONES En contracub.: "With 497 illustrations, 24 in colour"
650 #7 - PUNTO DE ACCESO ADICIONAL DE MATERIA--TÉRMINO DE MATERIA
Término de materia o nombre geográfico como elemento de entrada Arte celta
Fuente del encabezamiento o término embne
9 (RLIN) 159033
700 1# - ENTRADA AGREGADA--NOMBRE PERSONAL
Nombre de persona Megaw, Vincent.
9 (RLIN) 160325
852 ## - LOCALIZACIÓN
Ubicación ES-MaACL
Número de control de estantería L-30509
Nota libre . - Donat. Miguel A. Velasco
Holdings
Estatus retirado Estado de pérdida Estado de daño No para préstamo Biblioteca de origen Biblioteca actual Ubicación en estantería Fecha de adquisición Fuente de adquisición Total de préstamos Signatura topográfica completa Código de barras Visto por última vez Precio de reemplazo Tipo de ítem Koha
        Biblioteca del Ateneo de Madrid Biblioteca del Ateneo de Madrid Depósito 2 04/08/2016     L-30509 1195779 23/02/2023 23/02/2023 Libro impreso